| 000 | 00421nam a2200193Ia 4500 | ||
|---|---|---|---|
| 008 | 210210b1951 xxu||||| |||| 00| 0 eng d | ||
| 041 | _aeng | ||
| 082 | _a954/413 | ||
| 100 | _aSETHI (Saran) | ||
| 245 | _aMarch of Indian history | ||
| 260 |
_aDelhi _b- _c1951 |
||
| 650 | _aof | ||
| 650 | _aMarch | ||
| 650 | _aIndian | ||
| 650 | _ahistory | ||
| 690 | _aIndian History | ||
| 700 | _aBHANDARI | ||
| 906 | _a026170 | ||
| 999 |
_c152127 _d152127 |
||